| 000 | 00548nam a2200193 a 4500 | ||
|---|---|---|---|
| 001 | 20609 | ||
| 005 | 20180713214223.0 | ||
| 008 | 140415s1954 ag 000 0 spa d | ||
| 041 | _aspa | ||
| 082 |
_a128.2 _bHIG |
||
| 100 | 1 | _aHIGHET, GILBERT | |
| 245 | 1 | 0 | _aPODER Y LIMITES DE LA INTELIGENCIA |
| 250 | _a1a ed. | ||
| 260 |
_aARGENTINA : _bNOVA, _c1954 |
||
| 300 | _a151 | ||
| 490 |
_aCOMPENDIOS NOVA DE INICIACION CULTURA _v9 |
||
| 650 | 1 | 4 |
_aANTROPOLOGIA FILOSOFICA _xINTELIGENCIA _xMENTE |
| 700 | 1 |
_aALDECOA, SUSANA DE _etr. |
|
| 999 |
_c20609 _d20609 |
||